Political economy / (Record no. 142637)

MARC details
000 -LEADER
fixed length control field 00584nam a22001937a 4500
005 - DATE AND TIME OF LATEST TRANSACTION
control field 20170718162639.0
010 ## - LCCN (DPL NO)
LC control number ENG-119355
020 ## - INTERNATIONAL STANDARD BOOK NUMBER
International Standard Book Number 9788122507034
Terms of availability 175.00
035 ## - SYSTEM CONTROL NUMBER
System control number EN-102887
037 ## - SOURCE OF ACQUISITION
Source of stock number/acquisition DBAD/PUB
082 ## - DEWEY DECIMAL CLASSIFICATION NUMBER
Classification number 330
100 ## - MAIN ENTRY--PERSONAL NAME
Personal name Rani,Saroj
245 ## - TITLE STATEMENT
Title Political economy /
Statement of responsibility, etc by Saroj Rani [and] Jyotsna
260 ## - PUBLICATION, DISTRIBUTION, ETC. (IMPRINT)
Name of publisher, distributor, etc Kitab Mahal Publishers
Date of publication, distribution, etc 2016
Place of publication, distribution, etc New Delhi
270 ## - ADDRESS
Address 8, Hari sadan, (g.f.) 20, ansari road, daryaganj
City New Delhi
Postal code 110002
300 ## - PHYSICAL DESCRIPTION
Extent viiii,199p.
Dimensions 24cm(pbk)
500 ## - GENERAL NOTE
General note includes references
942 ## - ADDED ENTRY ELEMENTS (KOHA)
Source of classification or shelving scheme Dewey Decimal Classification
Item type English Books
Classification part 330
Call number suffix RAN
Holdings
Withdrawn status Lost status Not for loan Collection code Home library Current library Date acquired Source of acquisition Cost, normal purchase price Full call number Barcode Copy number Cost, replacement price Koha item type
    Not For Loan Non-fiction D.B.Act.Division Bawana 17/07/2017 DBAD/PUB 175.00 330 RAN EN-102887 1 175.00 English Books

© Delhi Public Library
Hit Counter
free hit counter